Japanese language patterns: a structural approach

Salvato in:
Dettagli Bibliografici
Autore principale: Alfonso, Anthony (Autore)
Natura: Libro
Lingua:inglese
Pubblicazione: Tokio Sophia University 1992
Soggetti:
Tags: Aggiungi Tag
Nessun Tag, puoi essere il primo ad aggiungerne!!

MARC

LEADER 00000nam a2200000 a 4500
001 UCY5317
003 CL-VaPUC
008 950426e19920000JA |||||||||||||||||eng|d
082 0 4 |a 495.65  |b ALF  |2 21 
100 0 |a Alfonso, Anthony  |e author  |9 334010 
245 1 0 |a Japanese language patterns: a structural approach 
300 |a 2 v 
942 |c BK 
945 |d 19950426 00:00:00  |a rbrito 
260 |a Tokio  |b Sophia University  |c 1992 
650 0 |a Gramática  |9 270497 
651 0 |a Japón   |9 260391 
583 |a last modification  |c 19950426 00:00:00  |k Rodrigo Vera 
999 |c 233000  |d 232998 
952 |0 0  |1 0  |4 0  |6 495_650000000000000_ALF_1992  |7 0  |8 F  |9 238042  |a BIBGIM  |b BIBGIM  |d 2019-11-18  |h v.2  |i 307918K  |o 495.65 ALF 1992  |p 307918K  |r 2025-01-15  |w 2019-11-18  |y BK_F  |k ORI